Hệ hỗ trợ ra quyết định

সংরক্ষণ করুন:
গ্রন্থ-পঞ্জীর বিবরন
প্রধান লেখক: Lê, Văn Dực
বিন্যাস: গ্রন্থ
ভাষা:Undetermined
প্রকাশিত: Thành phố Hồ Chí Minh Đại Học Quốc Gia Thành phố Hồ Chí Minh 2006
বিষয়গুলি:
ট্যাগগুলো: ট্যাগ যুক্ত করুন
কোনো ট্যাগ নেই, প্রথমজন হিসাবে ট্যাগ করুন!
Thư viện lưu trữ: Trung tâm Học liệu Trường Đại học Cần Thơ
LEADER 00687nam a2200205Ia 4500
001 CTU_119770
008 210402s9999 xx 000 0 und d
020 |c 29500 
082 |a 658.403 
082 |b D552 
100 |a Lê, Văn Dực 
245 0 |a Hệ hỗ trợ ra quyết định 
245 0 |c Lê Văn Dực 
260 |a Thành phố Hồ Chí Minh 
260 |b Đại Học Quốc Gia Thành phố Hồ Chí Minh 
260 |c 2006 
650 |a Decision making,Decision support systems.,Decision making 
650 |x Computer assisted instruction.,data processing 
904 |i Minh 
980 |a Trung tâm Học liệu Trường Đại học Cần Thơ